| 000 | | | 04137nmc2a22002891x 450 |
| 001 | | | 67323a56-367a-47f0-b6de-6e3cb6a5f92f |
| 005 | | | 20140115081402.0 |
| 100 | ## | $a | 20130529l19011910k y0rusy50 ca |
| 101 | 0# | $a | rus |
| | $a | fre |
| 102 | ## | $a | RU |
| 105 | ## | $a | y z ||||| |
| 200 | 1# | $a | Стасюлевича М. |
| | $j | 1901-1910 |
| 215 | ## | $a | 194 листа |
| | $c | откр., марки |
| 251 | ## | $c | Дело |
| 300 | ## | $a | Заголовок дела на папке: Письма Стасюлевича М. Кони А. Ф. |
| 300 | ## | $a | Листы 3, 4 - оторваны марки. Листы 168 (1 марка), 177 - конверты. Лист 5 - почтовые марки. Листы 42, 61, 82, 114, 169 (1 марка) - открытки. В деле имеются визитные карточки |
| 300 | ## | $a | Имеются документы на французском языке |
| 300 | ## | $a | Текст рукописный, газетные вырезки |
| 330 | ## | $a | Переписка А. Ф. Кони; Письма к А. Ф. Кони |
| 461 | #0 | $1 | 0013a54f2e3-e9cf-409b-80fa-f0a9bd3c40cb |
| | $1 | 2001 |
| | $a | Кони Анатолий Федорович, юрист, литератор, член академии наук, председатель Санкт-Петербургского окружного суда, член государственного совета |
| | $1 | 251 |
| | $c | Фонд |
| | $1 | 852 |
| | $j | 564 |
| 462 | #0 | $1 | 00178a475cd-a47d-4377-bff3-cee4b81de655 |
| | $1 | 2001 |
| | $a | Опись дел фонда А. Ф. Кони за 1880-1931 гг. |
| | $1 | 251 |
| | $c | Опись |
| | $1 | 852 |
| | $j | 1 |
| 517 | ## | $a | Письма Стасюлевича М. Кони А. Ф. |
| 600 | #1 | $a | Кони |
| | $b | А. Ф. |
| | $f | 1844-1927 |
| | $g | Анатолий Федорович |
| 600 | #1 | $a | Стасюлевич |
| | $b | М. М. |
| | $g | Михаил Матвеевич |
| 801 | #0 | $a | RU |
| | $b | GA_RF |
| 801 | #1 | $a | RU |
| | $b | НПО Опыт |
| | $c | 20130529 |
| | $2 | rusmarc |
| 801 | #2 | $a | RU |
| | $b | ПБ им. Б.Н. Ельцина |
| | $c | 20140115 |
| | $g | RCR |
| | $2 | rusmarc |
| 852 | ## | $a | ГА РФ |
| | $j | 3295 |
| 937 | ## | $d | 42807461 |
| | $h | ПБ |
| 035 | ## | $a | RuPRLIB51005354 |